| 000 | 02278cam a22005174i 4500 | ||
|---|---|---|---|
| 003 | PE-LiUPU | ||
| 005 | 20250731173151.0 | ||
| 008 | 150623s1984 ilu rb 000 0 eng d | ||
| 020 | _a0802407064 | ||
| 035 | _a(Sirsi) i9780802407061 | ||
| 040 |
_aPE-LiUPU _bspa _cPE-LiUPU _erda |
||
| 049 | _aPRUA | ||
| 082 | 0 | 4 |
_a266 _bP47 _221 |
| 100 | 1 |
_aPeters, George W., _eautor. |
|
| 245 | 1 | 2 |
_aA biblical theology of missions / _cGeorge W. Peters. |
| 264 | 1 |
_aChicago : _bMoody Press, _c1984. |
|
| 300 |
_a368 páginas ; _c23 centímetros |
||
| 336 |
_atext _2rdacontent |
||
| 337 |
_aunmediated _2rdamedia |
||
| 338 |
_avolume _2rdacarrier |
||
| 504 | _aIncluye bibliografía. | ||
| 505 | 0 | _aMissionary Hteology and Jesus Christ -- Missionary Hteology and the Nature of God -- Missionary Hteology and the Old Testamen -- Missionary Hteology and the New Testament -- The Missionary Task -- The Church and Missions -- The Instruments of Missions -- The Dynamics of Missions -- Biblical foundation of missins -- Biblical delineation of missions -- Biblical intruments and dynamics of missions. | |
| 526 | _aSEG42 | ||
| 526 | _aSEG41 | ||
| 526 | _aSEG40 | ||
| 526 | _aSEG39 | ||
| 526 | _aP94 | ||
| 526 | _aP87 | ||
| 526 | _aP86 | ||
| 526 | _aP85 | ||
| 526 | _aP77 | ||
| 526 | _aP76 | ||
| 526 | _aP35 | ||
| 650 | 1 | 4 | _aMisión de la iglesia. |
| 650 | 2 | 4 |
_aMisiones _xTeología bíblica. |
| 650 | 2 | 4 | _aMisiones. |
| 942 |
_2ddc _cBOOK |
||
| 949 |
_a266 P47 _wDEWEY _c1 _i57460 _lCCODEBUL1 _mBUL _p40.00 _r0 _sY _tBOOK _u2015-6-24 _xTEOLOGIA _PP35 _0COMPRA _o.STAFF. Colección Teología |
||
| 949 |
_a266 P47 _wDEWEY _c2 _i53447 _lCCODEBUL1 _mBUL _p40.00 _r0 _sY _tBOOK _u2015-6-24 _xTEOLOGIA _PP35 _0COMPRA _o.STAFF. Colección Teología |
||
| 994 |
_aC0 _bPEPRU |
||
| 596 | _a1 | ||
| 999 |
_a266 P47 _wDEWEY _c35418 _i57460 _f2021-11-10 _g5 _lCCODEBUL1 _mBUL _p40.00 _q1 _r0 _sY _tBOOK _u2015-6-24 _xTEOLOGIA _PP35 _0COMPRA _o.STAFF. Colección Teología _d35418 |
||
| 999 |
_a266 P47 _wDEWEY _c2 _i53447 _e2017-5-8 _f2021-11-10 _g5 _lCCODEBUL1 _mBUL _n1 _p40.00 _q1 _r0 _sY _tBOOK _u2015-6-24 _xTEOLOGIA _PP35 _0COMPRA _o.STAFF. Colección Teología |
||
| 980 |
_81 _gALBERTO SANCHEZ Responsable de Automatización |
||